Statistics for Monarchs of Canada since 1867

Click here to take the quiz!

General Stats

  • This quiz has been taken 15 times
    (10 since last reset)
  • The average score is 5 of 7

Answer Stats

HintAnswer% Correct
1867-1901Victoria
100%
2022-PresentCharles the 3rd
67%
1952-2022Elizabeth the 2nd
67%
1910-1936George the 5th
67%
1936-1952George the 6th
67%
1901-1910Edward the 7th
44%
1936-1936Edward the 8th
44%

Score Distribution

Percentile by Number Answered

Percent of People with Each Score

Your Score History

You have not taken this quiz since the last reset